Fyzikálne princípy a technika prenosu diskrétnych informácií

Uložené v:
Podrobná bibliografia
Hlavný autor: Filippov, L.I
Médium: Kniha
Jazyk:Slovak
Vydavateľské údaje: Bratislava Alfa 1982
Edícia:Edícia elektrotechnickej literatúry
Tagy: Pridať tag
Žiadne tagy, Buďte prvý, kto otaguje tento záznam!

MARC

LEADER 00000nam a2200000 4500
001 c129652
005 20231103121910.0
041 0 |a slo 
044 |a SK 
245 1 0 |a Fyzikálne princípy a technika prenosu diskrétnych informácií  |c L.I. Filippov 
264 1 |a Bratislava  |b Alfa  |c 1982 
300 |a 102 s. 
490 1 |a Edícia elektrotechnickej literatúry 
830 0 |a Edícia elektrotechnickej literatúry 
100 1 |a Filippov, L.I.